000 00366nam a22001577a 4500
003 SGT
020 _a978-0-323-49748-0
082 _a618.92
_bC19C
100 _aCOLEY, BRIAN D.
245 _aCAFFEY'S PEDIATRIC DIAGNOSTIC IMAGING
250 _a13TH
260 _aPHILADELPHIA
_bELSEVIER
_c2019
300 _a750 ,1479
650 _aPEDIATRICS
942 _2ddc
_cBK
999 _c19620
_d19620